Estatísticas para Colômbia

Clique aqui para jogar o quiz

Estatísticas Gerais

  • Esse quiz foi jogado 14 vezes
  • A pontuação média é 10 de 15

Estatísticas das Respostas

HintResposta% Correto
Onde fica?América do Sul
100%
Qual é a sua capital?Bogotá
100%
Qual é o seu idioma?Espanhol
100%
Qual é o desporto mais praticado no país?Futebol
100%
De que país é independente?Espanha
90%
Qual é a sua moeda?Peso colombiano
90%
Quem é a cantora mais conhecida do país?Shakira
90%
Quais são as cores da bandeira?Amarelo, vermelho e azul
80%
Qual é a sua religião?Cristianismo
70%
Em que cidade viva o traficante Pablo Escobar?Medellín
70%
Qual é a bebida mais consumida no país?Café
40%
Que cantor colombiano ficou conhecido por cantor a música Felices los 4?Maluma
40%
Como se chama o escritor que ganhou o prémio Nobel da paz em 1982?Gabriel García Márquez
10%
Qual é o prato típico do país?Ajico
0%
Que pedra preciosa é produzida no país?Esmeraldas
0%

Distribuição das Pontuações

Percentil de Números Respondidos

Porcentagem de Pessoas com Cada Pontuação

Sua Pontuação Histórica

Você não jogou esse quiz